| 000 | 00677nab a2200169 4500 | ||
|---|---|---|---|
| 003 | ES-SlBCS | ||
| 005 | 20230517074851.0 | ||
| 008 | 150505s2014 cl ||||| |||| 00| 0 spa d | ||
| 040 |
_aES-SlBCS _bspa |
||
| 100 | 1 |
_aSierra Lechuga, Carlos _9408223 |
|
| 245 | 1 | 0 |
_aOntología y ciencia _b: de la substancia aristotélica a la sustantividad zubiriana _cCarlos Sierra Lechuga |
| 246 | 1 | 1 |
_aOntology and science _b: from aristotelian substance to zubirian substantivity |
| 650 | 0 | 4 |
_aEstructura _9128888 |
| 600 | 1 | 0 |
_aZubiri, Xavier _d(1898-1983) _xCrítica e interpretación _9120105 |
| 773 | 0 |
_gVol. 8, Nº 2, 2014, págs. 43-64 _tIntus-Legere _wRev1255 _x0718-5448 |
|
| 942 |
_2lcc _cAR |
||
| 999 |
_c852048 _d852048 |
||